Escudos de la Liga Ushuaiense de fútbol - Estadísticas

Estadísticas generales
  • Esta prueba ha sido intentada 6 veces
  • La puntuación promedio es 2 de 14
Estadísticas de respuestas
Imagen Respuesta % Correcto
Camioneros de Ushuaia
100%
Cuervos del Fin del Mundo
67%
Andes del Sur
0%
Banco de Tierra del Fuego
0%
Cocol Fútbol Club
0%
Comercio Ushuaia
0%
Educación Fueguina
0%
Güemes
0%
Lassere
0%
Los Andes Juniors
0%
Mercantil
0%
Mutual del Personal de Seguridad
0%
Trabajadores de Entidades Deportivas y Civiles
0%
Unión Obrera Metalúrgica
0%
No se encontraron pruebas coincidentes
Distribución de puntuación
Porcentaje de gente con cada puntuación
Porcentaje por número respondido
Historial de tus puntuaciones
No has intentado esta prueba.